000 01251nam a2200313 i 4500
003 EG-GICUC
005 20260121101434.0
008 251206s1977 ua ||||fr|||| 00| 0 ara d
040 _a EG-GICUC
_bara
_c EG-GICUC
_d EG-GICUC
_erda
041 0 _aara
082 0 4 _221
_a345.455
_bش ف . ن
092 0 4 _221
099 _aLaw1 07 345.455 ش ف . ن 2 ed - 1977
100 0 _aشفيق إمام
_eمؤلف.
245 1 0 _aنظام العاملين في الحكومة والقطاع العام :
_bدراسة مقارنة مدعمة بأحكام القضاء وفتاوى مجلس الدولة /
_cشفيق إمام.
250 _aالطبعة الثانية
264 1 _aالقاهرة :
_b[دون ناشر]،
_c1977.
300 _a464 ؛صفحة
_c24 سم.
336 _2rda content
_atext
337 _2rda media
_aComputer
338 _2rda carrier
_aOnline Resource
504 _aيشتمل على إرجاعات ببليوجرافية.
546 _aالنص باللغة العربية
650 1 4 _aالنظام القانوني للعاملين بالقطاع العام
650 1 4 _aالقانون الإداري
856 4 0 _uhttps://fll.law.cu.edu.eg/fulltext/bks/B07-01193.pdf
905 _a32
_eYara
942 _2ddc
_cBK
_e21
_n0
999 _c48628
_d48628